Statistiken für Champions League Topscorer 2005/06

Klicken Sie hier um das Quiz zu spielen!

Allgemein

  • Dieses Quiz wurde 32 mal gespielt
  • Das Durchschnittsergebnis liegt bei 10 aus 24

Antwortstatistiken

RangNationVereinToreAntwort% Korrekt
2BrasilienBarcelona7Ronaldinho
93%
3KamerunBarcelona6Samuel Eto‘o
93%
1UkraineAC Milan9Andriy Shevchenko
89%
5FrankreichArsenal5Thierry Henry
89%
15DeutschlandWerder Bremen3Miroslav Klose
79%
5BrasilienAC Milan5Kaka
68%
15SchwedenJuventus3Zlatan Ibrahimovic
68%
9ItalienAC Milan4Filippo Inzaghi
64%
5FrankreichWerder Bremen5Johan Micoud
64%
5BrasilienInter5Adriano
54%
3FrankreichJuventus6David Trezeguet
50%
15ItalienJuventus3Alessandro del Piero
39%
9BrasilienOL Lyon4Juninho
32%
15ItalienUdinese Calcio3Antonio di Natale
29%
15GeorgienSchalke 043Levan Kobiashvili
21%
15BrasilienSchalke 043Lincoln
21%
9NorwegenOL Lyon4John Carew
14%
9ItalienUdinese Calcio4Vincenzo Iaquinta
11%
15NiederlandeAjax3Nigel de Jong
7%
15BrasilienFenerbahce3Alex Souza
4%
9ArgentinienInter4Julio Cruz
4%
9DänemarkRangers4Peter Lovenkrands
0%
15DeutschlandBayern München3Sebastian Deisler
0%
15GriechenlandAjax3Yannis Anastasiou
0%

Verteilung der Resultate

Perzentil nach korrekt beantworteten Fragen

Anzahl Personen mit jedem Resultat

Ihre Resultats-Entwicklung

Sie haben dieses Quiz noch nicht gespielt